PLANING AND MAKING CROWNS & BRIDGES (Record no. 3605)

MARC details
000 -LEADER
fixed length control field 00379nam a2200145Ia 4500
008 - FIXED-LENGTH DATA ELEMENTS--GENERAL INFORMATION
fixed length control field 150201s1998 xx 000 0 und d
082 ## - DEWEY DECIMAL CLASSIFICATION NUMBER
Classification number 617.692
Item number P1998S
100 ## - MAIN ENTRY--PERSONAL NAME
Personal name SMIT BERNARD G.N.
245 ## - TITLE STATEMENT
Title PLANING AND MAKING CROWNS & BRIDGES
250 ## - EDITION STATEMENT
Edition statement 4TH
260 ## - PUBLICATION, DISTRIBUTION, ETC. (IMPRINT)
Name of publisher, distributor, etc. INFORMA HEALTH CARE
Place of publication, distribution, etc. ABINGDON (U.K)
Date of publication, distribution, etc. 1998
300 ## - PHYSICAL DESCRIPTION
Extent 1-326
650 ## - SUBJECT ADDED ENTRY--TOPICAL TERM
Topical term or geographic name as entry element PROSTHODONTICS
942 ## - ADDED ENTRY ELEMENTS (KOHA)
Source of classification or shelving scheme Dewey Decimal Classification
Koha item type Books
Holdings
Withdrawn status Lost status Source of classification or shelving scheme Damaged status Not for loan Home library Current library Date acquired Source of acquisition Cost, normal purchase price Serial Enumeration / chronology SGTU Bill Number Total Checkouts Full call number Barcode Date last seen Bill Date Koha item type
    Dewey Decimal Classification     SGT Dental Library SGT Dental Library 01/03/2007 U.B.S.DELHI 125.00 1 SGTU 1183   617.692 P1998S FD4207 09/02/2015 17/08/2012 Books